Heykel oburu Mehmet Aksoy kitabı / (Record no. 13270)
[ view plain ]
| 000 -BAŞLIK | |
|---|---|
| Sabit Uzunlukta Kontrol Alanı | 00771nam a22002297a 4500 |
| 999 ## - SİSTEM KONTROL NUMARALARI (KOHA) | |
| Koha Biblionumber | 13270 |
| Koha Biblioitemnumber | 13270 |
| 003 - KONTROL NUMARASI IDENTIFIER | |
| Denetim Alanı | MIRAKIL |
| 005 - SON İŞLEM TARİHİ VE ZAMANI | |
| Denetim Alanı | 20190524122106.0 |
| 008 - SABİT-BOY VERİ ELEMANLARI - GENEL BİLGİLER | |
| Sabit Uzunlukta Kontrol Alanı | 190524b tu ||||| |||| 00| 0 tur d |
| 020 ## - ULUSLARARASI STANDART KİTAP NUMARASI | |
| Uluslararası Standart Kitap Numarası | 9754584028 |
| 040 ## - KATALOGLAMA KAYNAK | |
| Orijinal Kataloglama Ajansı | TRAn-CHP |
| Metne Dönüştürmek Ajansı | TRAn-CHP |
| 041 ## - DİL KODU | |
| Metin / Ses Parça Veya Ayrı Başlığın Dil Kodu | tur |
| 082 ## - DEWEY ONLU SINIFLANDIRMA NUMARASI | |
| Sınıflandırma Numarası | 730.92 |
| Ürün Numarası | A47h 2002 |
| 100 ## - ANA GİRİŞ - KİŞİSEL İSİM | |
| Kişisel Ad | Aksoy, Mehmet |
| 245 10 - BAŞLIK TABLOSU | |
| Başlık | Heykel oburu Mehmet Aksoy kitabı / |
| Sorumluluk Tablosu, Vb | söyleşi: Aydın Engin |
| 260 ## - YAYIN, DAĞITIM, VB | |
| Yayın, Dağıtım, Vb Yeri | İstanbul : |
| Yayıncı, Dağıtıcı, Vs Adı | Türkiye İş Bankası Kültür Yayınları, |
| Yayın, Dağıtım, Vb Tarihi | 2002. |
| 300 ## - FİZİKSEL TANIM | |
| Kapsam | 464 s. ; |
| Diğer Fiziksel Ayrıntıları | fotğ. |
| Boyutlar | 20 sm. |
| 490 1# - SERİSİ TABLOSU | |
| Seri Beyanı | Türkiye İş Bankası Kültür Yayınları ; |
| Hacim / Ardışık Tanımı | 638. |
| Seri Beyanı | Edebiyat dizisi ; |
| Hacim / Ardışık Tanımı | 242. |
| 600 #0 - KONU KATMA GİRİŞ - KURUMSAL ADI | |
| 9 (RLIN) | 5788 |
| Kişisel Ad | Aksoy, Mehmet |
| Bir Adıyla İlişkilendirilen Tarihler | 1939- |
| Genel Alt Bölümü | Söyleşi |
| 650 #0 - KONU KATMA GİRİŞ - TOPİKAL DÖNEM | |
| Topikal Süreli Veya Coğrafi Ad Giriş Elemanı | Heykeltıraşlar, Türk |
| 9 (RLIN) | 5789 |
| Genel Alt Bölümü | Söyleşiler |
| 700 ## - KATMA GİRİŞ - KİŞİSEL İSİM | |
| 9 (RLIN) | 5790 |
| Kişisel Ad | Engin, Aydın |
| 942 ## - EKLENDİ GİRİŞ ELEMANLARI (KOHA) | |
| Sınıflandırma Veya Raf Düzeni Kaynak | Dewey Decimal Classification |
| Koha Öğesi Türü | Books |
| Kalıcı Konum | Mevcut Konum | Edinme Tarihi | Toplam Check-Out'Lar | Tam Çağrı Numarası | Barkod | Tarih Son Görülme | İtibaren Geçerli Fiyatlar | Koha Öğesi Türü |
|---|---|---|---|---|---|---|---|---|
| CHP Kütüphanesi | CHP Kütüphanesi | 05/24/2019 | 730.92 A47h 2002 | 019167 | 05/24/2019 | 05/24/2019 | Books |
